000 01127nam a2200217Ia 4500
999 _c21562
_d21562
003 OSt
005 20210929170916.0
008 160316s2003 xxu||||| |||| 00| 0 eng d
020 _a9780421792807
040 _cn
082 _a345.041680
_bPIN
100 _aPinto Amanda
245 _aCorporate criminal liability
260 _aLondon
_bSweet & Maxwell
_c2003
300 _a391p
_cxliii
365 _bRs.8,860
505 _aTable of contents Historical background to corporate criminal liability; Early development of corporate criminal liability; Personal and vicarious liability of corporations; The doctrine of identification; The principle of delegation; Directors' liability; Jurisdiction over corporations; Territorial jurisdiction; Proceedings in criminal courts; Categories of offence; Corporations and human rights; Sentence; Costs; Corporate manslaughter; Financial offences; Regulatory offences; Appendices.
650 _a1. Corporate Crime2. Corporations - Criminal Liability - Law & Legislations - U K3. Corporate Liabilities - Crimes - U K
700 _aEvans Martin
_a
942 _2ddc
_cBK